00981nai a2200217Ia 4500003000900000008004100009022002200050022002300072040001600095245005200111260008600163310001100249362004400260521006900304650004700373650004400420856009300464942000700557999001700564952018200581IN-BaIIA211028c9999 xx s 000 0 eng d a0096-2260 (Print) a2168-1902 (Online) cIIA Library 0aIRE Transactions on Instrumentationh[eJournal] aNew York, USAbThe Institute of Electrical and Electronics Engineers, Inc. (IEEE) a3/year aPGI-4Present 1955 - I-11(3 and 4); 1962 bSubscribed through National Knowledge Resource Consortium (NKRC) a Components, Circuits, Devices and Systems aPower, Energy and Industry Applications uhttps://ieeexplore.ieee.org/servlet/opac?punumber=5006544yClick Here to Access eJournal cEJ c34921d34921 00104070aBANbBANd2009-01-01eNKRChPGI-4Present 1955 - I-11(3 and 4); 1962l0pEJ1005r2021-11-05uhttps://ieeexplore.ieee.org/servlet/opac?punumber=5006544w2021-11-05yEJ